| 000 | 01180cab a2200277 4500 | ||
|---|---|---|---|
| 001 | ABS46086 | ||
| 008 | 090401t xxu||||| |||| 00| 0 eng d | ||
| 035 | _a(Sirsi) u56773 | ||
| 041 | _aeng | ||
| 100 | _aTay, D.P.H. | ||
| 245 | _aArtificial intelligence and the mass appraisal of residential apartments | ||
| 260 | _c10(2) Winter 1991/92, 525-540(9) | ||
| 350 | _a0 | ||
| 490 |
_aJournal of Property Valuation and Investment _v10(2) Winter 1991/92, 525-540(9) |
||
| 520 | _aThis paper introduces the theory of artificial neural networks (ANN) and discusses its application to the valuation of residential apartments. It compares the performance of the back propagation neural network (BP) model in estimating sale prices of apartments against the traditional multiple regression analysis (MRA) model. (Journal abstract) | ||
| 650 | _aARTIFICIAL NEURAL NETWORKS | ||
| 650 | _aBACK PROPAGATION | ||
| 650 | _aMASS APPRAISAL | ||
| 650 | _aMULTIPLE REGRESSION ANALYSIS | ||
| 650 | _aNEURAL NETWORKS | ||
| 690 | _aMANAGEMENT-BUSINESS MANAGEMENT-INFORMATION MANAGEMENT | ||
| 690 | _aRATING AND VALUATION | ||
| 700 | _aHo, D.K.H. | ||
| 942 | _n0 | ||
| 948 | _c04/03/1997 | ||
| 999 |
_c34654 _d34654 |
||